Výchova a vzdelávanie budúcich manažérov na EU v Bratislave

Salvato in:
Dettagli Bibliografici
Autore principale: Majtán, Miroslav
Natura: Capitolo di libro
Lingua:slovacco
Tags: Aggiungi Tag
Nessun Tag, puoi essere il primo ad aggiungerne!!

MARC

LEADER 00000naa$a2200000$$$4500
001 0102873
005 20240502072121.5
041 0 |a slo 
044 |a SK 
245 1 0 |a Výchova a vzdelávanie budúcich manažérov na EU v Bratislave  |c Miroslav Majtán 
100 1 |a Majtán, Miroslav